000 00547nam a2200169 a 4500
005 20140310183333.0
008 060901s19uu xx 00 eng d
020 _a0071247815
050 _aHD 2741
_b.F8147 2006
245 _aFrom conformance to performance:
_bbest corporate governance practices for Asian Companies /
_c edited by :Teen, Mak Yuen Teen
260 _aSingapore :
_bMcGraw-Hill Inc,
_c2006.
300 _a438 p. :
_bill. ;
_c24 cm.
521 _aBSBA
650 _aCorporate governance.
942 _cBK
_2lcc
_kFOR
999 _c21623
_d21623